000 00286nam a2200121Ia 4500
008 191201s2004 xx 000 0 und d
100 _aKASERA, Sumit
245 0 _aATM Networks Concepts and Protocols
260 _bTMH
_c2004
300 _a531
650 _aB.Tech(CSE)
942 _2ddc
_cBK
999 _c7162
_d7162